000 00862pam a2200277 i 4500
001 2235281
003 OSt
005 20230620113836.0
008 760930s1977 nyua b 001 0 eng
010 _a 76046971
020 _a0070205248 :
_c$13.95
040 _aDLC
_cDLC
_dDLC
043 _an-us---
050 0 0 _aJK274
_b.F36 1977
082 0 0 _a320.4/73
_bFER
100 1 _aFerguson, John Henry,
_d1907-
245 1 4 _aThe American Federal Government /
_cJohn H. Ferguson.
250 _a13th ed.
260 _aNew York :
_bMcGraw-Hill,
_cc1977.
300 _aviii, 536 p. :
_bill. ;
_c24 cm.
504 _aIncludes bibliographies and index.
651 0 _aUnited States
_xPolitics and government
_xHandbooks, manuals, etc.
700 1 _aMcHenry, Dean Eugene,
_d1910-
_ejoint author.
906 _a7
_bcbc
_corignew
_d1
_eocip
_f19
_gy-gencatlg
942 _2ddc
_cBK
999 _c1654
_d1654